Statistics for Heat Waves - Lyrics

Click here to take the quiz!

General Stats

  • This quiz has been taken 450 times
  • The average score is 202 of 287

Answer Stats

Answer% Correct
I
97%
Heat
96%
waves
96%
Waves
96%
me
95%
You
95%
you
95%
the
94%
a
93%
in
93%
of
92%
So
92%
so
92%
then
92%
June
91%
middle
91%
about
90%
be
90%
out
90%
all
89%
night
89%
is
88%
think
88%
can
87%
Late
87%
Sometimes
86%
been
84%
make
84%
can't
81%
Can't
81%
nights
79%
Now
79%
now
79%
happier
78%
faking
72%
on
65%
and
64%
to
58%
go
56%
just
53%
something
53%
but
51%
But
51%
never
50%
better
49%
road
49%
Road
49%
see
49%
when
49%
When
49%
it
48%
TV
48%
we
48%
put
45%
life
44%
give
43%
Hollywood
43%
than
43%
Usually
43%
need
42%
say
42%
Clearly
41%
I'm
41%
Shimmer
40%
what
40%
Vision
39%
mirror
38%
Our
38%
screen
38%
this
38%
today
38%
across
37%
reflections
37%
look
36%
swimming
34%
Fake
33%
Wiggling
33%
cry
32%
Laying
30%
let
30%
broken
29%
don't
29%
got
29%
breathe
28%
fight
28%
goodbye
28%
know
28%
I'll
27%
It's
27%
off
27%
more
26%
alone
25%
come
24%
someone
24%
that
24%
That
24%
too
24%
wanna
24%
water
24%
I've
23%
new
23%
One
23%
you're
23%
loving
22%
has
21%
hurts
21%
You'll
20%
could
19%
gone
19%
dreaming
17%
smile
16%
comfortable
15%
sleep
15%
wish
14%
perfectly
13%
wonder
13%
that's
11%
un-sad
10%

Score Distribution

Percentile by Number Answered

Percent of People with Each Score

Your Score History

You have not taken this quiz